[Event "Mittelfrank Regionalliga Nord-Ost 2122"]
[Site "Mittelfranken"]
[Date "2022.05.08"]
[Round "8.7"]
[White "Ratscheu, Stefan"]
[Black "Zant, Juergen"]
[Result "0-1"]
[WhiteElo "1783"]
[BlackElo "1926"]
[PlyCount "84"]
[EventDate "2021.10.24"]
[EventType "team-tourn"]
[EventRounds "9"]
[EventCountry "GER"]
[SourceTitle "EXT 2024"]
[Source "ChessBase"]
[SourceDate "2023.10.10"]
[SourceVersion "1"]
[SourceVersionDate "2023.10.10"]
[SourceQuality "1"]
[WhiteTeam "Heng Postbauer"]
[BlackTeam "Windischeschenbach"]
[WhiteTeamCountry "GER"]
[BlackTeamCountry "GER"]

1. e4 d6 2. d4 g6 3. Nc3 Bg7 4. f4 c6 5. h3 e5 6. Nf3 exd4 7. Ne2 Qe7 8. Ng3 f5 9. Qe2 fxe4 10. Nxe4 d5 11. Nd6+ Kd7 12. Qxe7+ Nxe7 13. Nf7 Re8 14. N7e5+ Kc7 15. Nxd4 Nf5 16. Ndf3 Nd7 17. Kf2 Bf8 18. g4 Bc5+ 19. Kg2 Ne3+ 20. Bxe3 Bxe3 21. Nd3 Nf6 22. Re1 d4 23. c3 Be6 24. cxd4 Bxa2 25. Nb4 Bg8 26. Nc2 Bxf4 27. Bd3 a5 28. Rhf1 Nd5 29. Ne5 Bd2 30. Rd1 Nf4+ 31. Kg3 Nxd3 32. Nxd3 Bh6 33. Na3 Re3+ 34. Rf3 Rxf3+ 35. Kxf3 Re8 36. Ne5 Bd5+ 37. Ke2 b5 38. Kd3 Rf8 39. h4 Rf2 40. g5 Bg7 41. Rd2 Rxd2+ 42. Kxd2 Kd6 0-1

[Event "Mittelfrank Regionalliga Nord-Ost 2122"]
[Site "Mittelfranken"]
[Date "2022.04.03"]
[Round "7.6"]
[White "Obermeier, Johannes"]
[Black "Zant, Juergen"]
[Result "0-1"]
[WhiteElo "1851"]
[BlackElo "1926"]
[PlyCount "120"]
[EventDate "2021.10.24"]
[EventType "team-tourn"]
[EventRounds "9"]
[EventCountry "GER"]
[SourceTitle "EXT 2024"]
[Source "ChessBase"]
[SourceDate "2023.10.10"]
[SourceVersion "1"]
[SourceVersionDate "2023.10.10"]
[SourceQuality "1"]
[WhiteTeam "Kelheim II"]
[BlackTeam "Windischeschenbach"]
[WhiteTeamCountry "GER"]
[BlackTeamCountry "GER"]

1. e4 e6 2. d4 c5 3. Nf3 Nf6 4. e5 Nd5 5. c4 Nc7 6. Nc3 cxd4 7. Nxd4 d6 8. Bf4 dxe5 9. Bxe5 f6 10. Bxc7 Qxc7 11. Ndb5 Qe5+ 12. Be2 a6 13. Nd4 Bd7 14. 0-0 Bb4 15. Re1 Qc7 16. Bh5+ g6 17. Nxe6 Bxe6 18. Rxe6+ Kf7 19. Qd5 Kg7 20. Qd4 Qf7 21. Bg4 h5 22. Nd5 Nc6 23. Qe3 Rae8 24. Nxb4 hxg4 25. Rxe8 Rxe8 26. Qc3 Ne5 27. b3 Rd8 28. Re1 Qc7 29. Qg3 Qa5 30. a3 Rd7 31. h3 gxh3 32. Qxh3 Qxa3 33. Nd5 Qd6 34. Re4 Nf7 35. Rf4 Ng5 36. Qg4 Rf7 37. g3 Qe5 38. Kg2 b5 39. Qc8 bxc4 40. Qxc4 Qe6 41. Ne3 Qb6 42. Nd5 Qb7 43. Kh2 Qa8 44. Qd3 Rd7 45. Rd4 Ne6 46. Nb6 Qh8+ 47. Kg2 Rxd4 48. Qxa6 Qd8 49. Qb7+ Qc7 50. Qa6 Rd6 51. b4 Rxb6 52. Qa5 Qb7+ 53. Kh2 Rb5 54. Qxb5 Qxb5 55. Kg1 Ng5 56. Kg2 f5 57. Kh2 Kf6 58. Kg2 Qe2 59. b5 Qxb5 60. Kh2 Qf1 0-1

[Event "Regionalliga Nord-Ost 1819"]
[Site "Bayern"]
[Date "2019.01.20"]
[Round "5.3"]
[White "Haeckler, Daniel"]
[Black "Zant, Juergen"]
[Result "1/2-1/2"]
[WhiteElo "2051"]
[BlackElo "1944"]
[PlyCount "73"]
[EventDate "2018.10.21"]
[EventType "team-tourn"]
[EventRounds "9"]
[EventCountry "GER"]
[SourceTitle "EXT 2022"]
[Source "ChessBase"]
[SourceDate "2021.10.06"]
[SourceVersion "1"]
[SourceVersionDate "2021.10.06"]
[SourceQuality "1"]
[WhiteTeam "Buechenbach/Roth"]
[BlackTeam "Windischeschenbach"]
[WhiteTeamCountry "GER"]
[BlackTeamCountry "GER"]

1. e4 d6 2. d4 Nf6 3. Nc3 c6 4. Nf3 Nbd7 5. Bf4 Qa5 6. Bd3 e5 7. Bg3 Be7 8. 0-0 0-0 9. h3 g6 10. Qd2 Kg7 11. a3 h6 12. b4 Qc7 13. Ne2 a5 14. c4 Nh7 15. c5 f6 16. Rad1 axb4 17. axb4 dxc5 18. bxc5 Qa5 19. dxe5 fxe5 20. Nxe5 Qxd2 21. Rxd2 Nxc5 22. Bc2 Nf6 23. f3 Ne6 24. Rfd1 Bb4 25. Rd3 Ra2 26. Nd4 Nxd4 27. Rxd4 Bc5 28. Bb3 Ra1 29. Kh2 Bxd4 30. Rxd4 Rb1 31. Bc4 Nh5 32. Bf2 Nf4 33. Rd2 Ne6 34. Be3 Re1 35. Bf2 Rc1 36. Be3 Re1 37. Bf2 1/2-1/2

[Event "Regionalliga Nord-Ost 1718"]
[Site "Bayern"]
[Date "2018.02.25"]
[Round "7.6"]
[White "Auer, Guenther"]
[Black "Zant, Juergen"]
[Result "1/2-1/2"]
[WhiteElo "1956"]
[BlackElo "1938"]
[PlyCount "23"]
[EventDate "2017.10.22"]
[EventType "team-tourn"]
[EventRounds "9"]
[EventCountry "GER"]
[SourceTitle "EXT 2022"]
[Source "ChessBase"]
[SourceDate "2021.10.06"]
[SourceVersion "1"]
[SourceVersionDate "2021.10.06"]
[SourceQuality "1"]
[WhiteTeam "Altensittenbach"]
[BlackTeam "Windischeschenbach"]
[WhiteTeamCountry "GER"]
[BlackTeamCountry "GER"]

1. Nf3 Nf6 2. c4 c5 3. Nc3 Nc6 4. d4 cxd4 5. Nxd4 g6 6. e4 Bg7 7. Be3 d6 8. Be2 Bd7 9. 0-0 0-0 10. b3 a6 11. Nxc6 Bxc6 12. Nd5 1/2-1/2

[Event "Regionalliga Nord-Ost 1718"]
[Site "Bayern"]
[Date "2018.02.04"]
[Round "6.5"]
[White "Erlbeck, Peter"]
[Black "Zant, Juergen"]
[Result "1/2-1/2"]
[WhiteElo "1978"]
[BlackElo "1938"]
[PlyCount "86"]
[EventDate "2017.10.22"]
[EventType "team-tourn"]
[EventRounds "9"]
[EventCountry "GER"]
[SourceTitle "EXT 2022"]
[Source "ChessBase"]
[SourceDate "2021.10.06"]
[SourceVersion "1"]
[SourceVersionDate "2021.10.06"]
[SourceQuality "1"]
[WhiteTeam "Nuernberg Sued SW II"]
[BlackTeam "Windischeschenbach"]
[WhiteTeamCountry "GER"]
[BlackTeamCountry "GER"]

1. e4 e5 2. Nf3 Nc6 3. Bb5 Nf6 4. d3 d6 5. c3 a6 6. Ba4 Be7 7. Nbd2 0-0 8. Nf1 b5 9. Bc2 d5 10. exd5 Qxd5 11. Ne3 Qd6 12. 0-0 Re8 13. Ng5 h6 14. Ne4 Nxe4 15. dxe4 Qg6 16. Qf3 Nd8 17. Nf5 Bc5 18. b4 Bf8 19. Be3 Nb7 20. Bb3 Be6 21. Nh4 Qg4 22. Qxg4 Bxg4 23. Bd5 Bc8 24. a4 bxa4 25. Rxa4 Bd7 26. Raa1 c6 27. Ba2 a5 28. bxa5 Rxa5 29. Bc4 Rxa1 30. Rxa1 Nd6 31. Bd3 Rb8 32. Nf3 f6 33. Ra7 Be6 34. Nd2 Nb5 35. Ra6 Bd7 36. c4 Nd4 37. f4 Bc5 38. fxe5 fxe5 39. Ra2 Ne2+ 40. Bxe2 Bxe3+ 41. Kf1 Bf4 42. Kf2 Bxd2 43. Rxd2 Rb7 1/2-1/2

[Event "Regionalliga NO 1617"]
[Site "Bayern"]
[Date "2017.04.02"]
[Round "8.7"]
[White "Zant, Juergen"]
[Black "Muehling, Werner"]
[Result "1-0"]
[WhiteElo "1975"]
[BlackElo "2022"]
[PlyCount "140"]
[EventDate "2016.10.16"]
[EventType "team-tourn"]
[EventRounds "9"]
[EventCountry "GER"]
[SourceTitle "EXT 2019"]
[Source "ChessBase"]
[SourceDate "2018.10.10"]
[SourceVersion "1"]
[SourceVersionDate "2018.10.10"]
[SourceQuality "1"]
[WhiteTeam "Windischeschenbach"]
[BlackTeam "Schwandorf"]
[WhiteTeamCountry "GER"]
[BlackTeamCountry "GER"]

1. c4 e6 2. Nf3 Nf6 3. Nc3 d5 4. d4 Be7 5. Bf4 c6 6. cxd5 exd5 7. Qc2 0-0 8. e3 Nbd7 9. Be2 Re8 10. 0-0 Nf8 11. Rab1 g6 12. Bd3 Ne6 13. Bg3 Ng7 14. b4 Bf5 15. b5 Qa5 16. bxc6 bxc6 17. Be5 Nd7 18. Bxg7 Bxd3 19. Qxd3 Kxg7 20. Rb7 Rad8 21. Rfb1 Bf6 22. g4 Kg8 23. R7b4 Rb8 24. Rb7 Rxb7 25. Rxb7 Nc5 26. dxc5 Bxc3 27. Ng5 Rf8 28. e4 Bf6 29. Nf3 dxe4 30. Qxe4 Qxc5 31. Qf4 Bg7 32. h3 a5 33. Rc7 Qd5 34. Kg2 Re8 35. Qa4 Qb5 36. Qf4 Qd5 37. Qa4 Qb5 38. Qf4 Rf8 39. Qe4 Qd5 40. Qxd5 cxd5 41. Rd7 d4 42. Nxd4 Bxd4 43. Rxd4 Rc8 44. Rd5 Ra8 45. a4 Kg7 46. g5 h6 47. h4 h5 48. f3 Ra7 49. Kg3 Kf8 50. Re5 f6 51. Re6 fxg5 52. Rxg6 gxh4+ 53. Kxh4 Rb7 54. Kxh5 Rb3 55. Rf6+ Ke7 56. Rf4 Rb4 57. Kg5 Ke6 58. Rg4 Ke5 59. Kh4 Kf6 60. Kh3 Ke6 61. Kg2 Kf5 62. Kg3 Rb1 63. Rc4 Rg1+ 64. Kf2 Ra1 65. Kg2 Kg5 66. Kg3 Rg1+ 67. Kf2 Ra1 68. Ke3 Re1+ 69. Kd3 Rf1 70. Ke4 Re1+ 1-0

[Event "Regionalliga NO 1617"]
[Site "Bayern"]
[Date "2017.02.05"]
[Round "5.5"]
[White "Gabler, Eric"]
[Black "Zant, Juergen"]
[Result "1-0"]
[WhiteElo "2030"]
[BlackElo "1975"]
[PlyCount "67"]
[EventDate "2016.10.16"]
[EventType "team-tourn"]
[EventRounds "9"]
[EventCountry "GER"]
[SourceTitle "EXT 2019"]
[Source "ChessBase"]
[SourceDate "2018.10.10"]
[SourceVersion "1"]
[SourceVersionDate "2018.10.10"]
[SourceQuality "1"]
[WhiteTeam "Regensburg Bavaria"]
[BlackTeam "Windischeschenbach"]
[WhiteTeamCountry "GER"]
[BlackTeamCountry "GER"]

1. d4 d5 2. c4 c6 3. Nc3 Nf6 4. Nf3 e6 5. e3 Bd6 6. Bd3 Nbd7 7. 0-0 0-0 8. Re1 e5 9. cxd5 cxd5 10. dxe5 Nxe5 11. Be2 Nc6 12. Nb5 Bb8 13. b3 a6 14. Nbd4 Qd6 15. Bb2 Ne4 16. Nxc6 bxc6 17. Be5 Qg6 18. Bxb8 Rxb8 19. Qd4 Re8 20. Rac1 Qd6 21. Red1 Rb4 22. Qa7 c5 23. Nd2 Nxd2 24. Rxd2 Rb6 25. Bc4 Bb7 26. Bxd5 Bxd5 27. Rcd1 Qg6 28. Rxd5 c4 29. Rd8 Rbe6 30. Qd7 Qe4 31. Rxe8+ Rxe8 32. bxc4 h6 33. c5 Rb8 34. c6 1-0

[Event "Regionalliga NO 1415"]
[Site "Bayern"]
[Date "2015.03.15"]
[Round "8.8"]
[White "Zant, Juergen"]
[Black "Schwarm, Werner"]
[Result "1/2-1/2"]
[WhiteElo "1975"]
[BlackElo "1747"]
[PlyCount "124"]
[EventDate "2014.10.19"]
[EventType "team-tourn"]
[EventRounds "9"]
[EventCountry "GER"]
[SourceTitle "EXT 2018"]
[Source "ChessBase"]
[SourceDate "2017.10.13"]
[SourceVersion "1"]
[SourceVersionDate "2017.10.13"]
[SourceQuality "1"]
[WhiteTeam "Windischeschenbach"]
[BlackTeam "Altensittenbach"]
[WhiteTeamCountry "GER"]
[BlackTeamCountry "GER"]

1. Nf3 d5 2. d4 Nf6 3. c4 c6 4. Qc2 Bg4 5. Ne5 dxc4 6. Qxc4 Qd5 7. Qxd5 cxd5 8. Nxg4 Nxg4 9. Nc3 e6 10. f3 Nf6 11. Bf4 Nh5 12. Bd2 Nc6 13. e3 Bb4 14. Bb5 Rc8 15. Ba4 Ke7 16. Bxc6 Bxc3 17. Ba4 Bxd2+ 18. Kxd2 Rc7 19. Rac1 Rhc8 20. Rc3 Nf6 21. Kd3 Nd7 22. e4 Rxc3+ 23. bxc3 Nb6 24. Bb3 Kd6 25. Re1 Rc7 26. e5+ Ke7 27. f4 f5 28. exf6+ Kxf6 29. Rf1 g6 30. Rf2 Nc4 31. Bxc4 Rxc4 32. Rb2 b6 33. g3 Kf5 34. Re2 Kf6 35. h3 Rc7 36. Rc2 Rc4 37. g4 Ke7 38. Rf2 Kf6 39. Re2 Rc7 40. Re5 Rc4 41. g5+ Kf7 42. Re2 Rc7 43. h4 Rc6 44. Rh2 Rc7 45. h5 Kg7 46. hxg6 hxg6 47. Rb2 Rf7 48. Ke3 Rc7 49. Rb3 Rc4 50. Ra3 Rc7 51. Kd3 Kf7 52. Ra4 b5 53. Rb4 a6 54. Rb2 Kg7 55. a4 bxa4 56. Rb4 Rf7 57. Ke3 Rc7 58. Kd3 Rf7 59. Rxa4 Rxf4 60. Rxa6 Rf3+ 61. Kd2 Kf7 62. Ra7+ Kf8 1/2-1/2

[Event "Regionalliga NO 1415"]
[Site "Bayern"]
[Date "2015.01.18"]
[Round "5.8"]
[White "Zant, Juergen"]
[Black "Strobel, Norbert"]
[Result "1-0"]
[WhiteElo "1975"]
[BlackElo "1946"]
[PlyCount "129"]
[EventDate "2014.10.19"]
[EventType "team-tourn"]
[EventRounds "9"]
[EventCountry "GER"]
[SourceTitle "EXT 2018"]
[Source "ChessBase"]
[SourceDate "2017.10.13"]
[SourceVersion "1"]
[SourceVersionDate "2017.10.13"]
[SourceQuality "1"]
[WhiteTeam "Windischeschenbach"]
[BlackTeam "Zirndorf"]
[WhiteTeamCountry "GER"]
[BlackTeamCountry "GER"]

1. c4 Nf6 2. Nf3 g6 3. Nc3 Bg7 4. e4 d6 5. Be2 c5 6. Rb1 0-0 7. 0-0 Nc6 8. h3 e5 9. a3 Nd4 10. b4 b6 11. d3 Nd7 12. Nb5 Nxf3+ 13. Bxf3 Nb8 14. Be3 Nc6 15. Qd2 Be6 16. Bg5 Qd7 17. Nc3 Nd4 18. Bd1 f5 19. Ba4 Qb7 20. f3 Rf7 21. Nb5 Nxb5 22. Bxb5 f4 23. Qc2 a6 24. Ba4 Rc7 25. bxc5 dxc5 26. Bh4 Bd7 27. Bb3 Qc6 28. Be1 g5 29. Bc3 h5 30. Kf2 Qf6 31. Ke2 Rb7 32. a4 g4 33. hxg4 hxg4 34. Rh1 Kf7 35. a5 Qg5 36. Be1 g3 37. Ba4 Bxa4 38. Qxa4 Qd8 39. Qc6 Rab8 40. Bc3 Rd7 41. Rxb6 Rxb6 42. axb6 Rxd3 43. Qc7+ Qd7 44. Qxd7+ Rxd7 45. Ra1 Ke6 46. Rxa6 Kd6 47. b7+ Kc7 48. Rc6+ Kxb7 49. Rxc5 Re7 50. Bb4 Re6 51. Rb5+ Ka6 52. Kd3 Rh6 53. Ra5+ Kb7 54. c5 Rh2 55. Ra2 Rh1 56. Kc4 Rd1 57. Kb5 Rb1 58. Rd2 Kc7 59. Kc4 Rc1+ 60. Kd5 Rf1 61. Ba5+ Kc8 62. c6 Rf2 63. Ke6 Rxd2 64. Bxd2 Kc7 65. Kd5 1-0

[Event "Regionalliga NO 1314"]
[Site "Bayern"]
[Date "2014.04.06"]
[Round "9.7"]
[White "Zant, Juergen"]
[Black "Auer, Guenther"]
[Result "1/2-1/2"]
[WhiteElo "1919"]
[BlackElo "2017"]
[PlyCount "43"]
[EventDate "2013.10.13"]
[EventType "team-tourn"]
[EventRounds "9"]
[EventCountry "GER"]
[SourceTitle "EXT 2015"]
[Source "ChessBase"]
[SourceDate "2014.11.20"]
[SourceVersion "1"]
[SourceVersionDate "2014.11.20"]
[SourceQuality "1"]
[WhiteTeam "Windischeschenbach"]
[BlackTeam "Altensittenbach"]
[WhiteTeamCountry "GER"]
[BlackTeamCountry "GER"]

1. c4 g6 2. Nc3 Bg7 3. g3 c5 4. Bg2 Nc6 5. Nf3 e5 6. d3 d6 7. Rb1 Nf6 8. a3 0-0 9. 0-0 Rb8 10. b4 b6 11. bxc5 dxc5 12. Ne1 Qd7 13. Bg5 Bb7 14. e4 Nd4 15. Qd2 Nh5 16. f3 f5 17. Nd5 Bxd5 18. exd5 f4 19. g4 Nf6 20. Nc2 Nxc2 21. Qxc2 Rbe8 22. h3 1/2-1/2

[Event "Regionalliga NO 1112"]
[Site "Bayern"]
[Date "2011.12.11"]
[Round "4.6"]
[White "Zant, Juergen"]
[Black "Puschak, Oliver"]
[Result "1/2-1/2"]
[WhiteElo "2014"]
[BlackElo "1938"]
[PlyCount "34"]
[EventDate "2011.10.02"]
[EventType "team-tourn"]
[EventRounds "9"]
[EventCountry "GER"]
[SourceTitle "EXT 2013"]
[Source "ChessBase"]
[SourceDate "2012.11.22"]
[SourceVersion "1"]
[SourceVersionDate "2012.11.22"]
[SourceQuality "1"]
[WhiteTeam "Windischeschenbach"]
[BlackTeam "Lauf"]
[WhiteTeamCountry "GER"]
[BlackTeamCountry "GER"]

1. c4 e6 2. Nf3 b6 3. e3 Bb7 4. Be2 Nf6 5. 0-0 Be7 6. b3 0-0 7. Ba3 c5 8. Nc3 d5 9. cxd5 Nxd5 10. Rc1 Nd7 11. Nxd5 Bxd5 12. Re1 Bf6 13. Qc2 Rc8 14. Ba6 Rb8 15. Be2 Re8 16. Red1 Bb7 17. d3 Ne5 1/2-1/2

[Event "Regionalliga NO 1112"]
[Site "Bayern"]
[Date "2011.10.23"]
[Round "2.5"]
[White "Kaiser, Harald"]
[Black "Zant, Juergen"]
[Result "1/2-1/2"]
[WhiteElo "1986"]
[BlackElo "2014"]
[PlyCount "101"]
[EventDate "2011.10.02"]
[EventType "team-tourn"]
[EventRounds "9"]
[EventCountry "GER"]
[SourceTitle "EXT 2013"]
[Source "ChessBase"]
[SourceDate "2012.11.22"]
[SourceVersion "1"]
[SourceVersionDate "2012.11.22"]
[SourceQuality "1"]
[WhiteTeam "Bechhofen"]
[BlackTeam "Windischeschenbach"]
[WhiteTeamCountry "GER"]
[BlackTeamCountry "GER"]

1. e4 g6 2. d4 Bg7 3. Nc3 c5 4. dxc5 Qa5 5. Bd2 Qxc5 6. Nd5 Nf6 7. Bb4 Qc6 8. Bb5 Nxd5 9. Bxc6 Nxb4 10. Ba4 Bxb2 11. Rb1 Bc3+ 12. Kf1 N8c6 13. Ne2 Bg7 14. c3 Na6 15. f3 Nc5 16. Bc2 Ne6 17. g3 h5 18. h4 b6 19. Kg2 Bb7 20. Bb3 Nc5 21. Nd4 d6 22. Re1 Ba6 23. f4 Rd8 24. Kh2 Nd3 25. Re2 Nc5 26. Re3 Bh6 27. Qf3 Na5 28. Rd1 Nc4 29. Bxc4 Bxc4 30. Ree1 0-0 31. Qe3 e5 32. Nf3 exf4 33. gxf4 Ne6 34. Ng5 Nc5 35. e5 Bxa2 36. Ra1 Bc4 37. Rxa7 Bd5 38. Qd4 Bc6 39. Rb1 Ne6 40. Qe3 b5 41. Rd1 Ng7 42. Ne4 Nf5 43. Nf6+ Kg7 44. Qf2 Ra8 45. Rda1 Rad8 46. R7a6 Rc8 47. Rd1 Ra8 48. Rda1 Rac8 49. Rd1 Ra8 50. Rda1 Rac8 51. Rd1 1/2-1/2

[Event "Regionalliga NO 1011"]
[Site "Bayern"]
[Date "2011.02.27"]
[Round "7.3"]
[White "Sejdic, Enis"]
[Black "Zant, Juergen"]
[Result "1/2-1/2"]
[WhiteElo "2106"]
[BlackElo "2009"]
[PlyCount "100"]
[EventDate "2010.10.10"]
[EventType "team-tourn"]
[EventRounds "9"]
[EventCountry "GER"]
[SourceTitle "EXT 2012"]
[Source "ChessBase"]
[SourceDate "2011.11.24"]
[SourceVersion "1"]
[SourceVersionDate "2011.11.24"]
[SourceQuality "1"]
[WhiteTeam "Bechhofen"]
[BlackTeam "Windischeschenbach"]
[WhiteTeamCountry "GER"]
[BlackTeamCountry "GER"]

1. e4 g6 2. d4 Bg7 3. Nf3 c5 4. c3 b6 5. Bc4 Ba6 6. Bd5 Nc6 7. dxc5 bxc5 8. Bxc6 dxc6 9. Qxd8+ Rxd8 10. Be3 Nf6 11. Nbd2 Bd3 12. 0-0-0 Nd7 13. Rhe1 c4 14. Nd4 Rc8 15. Nc2 c5 16. Na3 Nb6 17. f4 0-0 18. g4 Rc6 19. h4 Rb8 20. Bf2 e5 21. f5 h5 22. fxg6 hxg4 23. gxf7+ Kxf7 24. Rg1 Bh6 25. b3 a5 26. Rde1 cxb3 27. axb3 c4 28. Be3 cxb3 29. Bxh6 Na4 30. Ndb1 Rd6 31. Bd2 Nc5 32. Rxg4 a4 33. c4 b2+ 34. Kd1 Rb3 35. Re3 Rf6 36. Rgg3 Bxe4 37. Rxb3 Nxb3 38. Re3 Bg6 39. Rxe5 Rf2 40. h5 Bd3 41. Re3 Bf5 42. Bc3 Rf1+ 43. Be1 Rh1 44. Rf3 Ke6 45. Re3+ Kf7 46. Ke2 Rxh5 47. Kf3 Nd4+ 48. Kf4 Ne6+ 49. Kf3 Nd4+ 50. Kg2 Nc2 1/2-1/2

[Event "Regionalliga NO 1011"]
[Site "Bayern"]
[Date "2010.10.10"]
[Round "1.3"]
[White "Zant, Juergen"]
[Black "Hanisch, Friedrich"]
[Result "1/2-1/2"]
[WhiteElo "2009"]
[BlackElo "2045"]
[PlyCount "162"]
[EventDate "2010.10.10"]
[EventType "team-tourn"]
[EventRounds "9"]
[EventCountry "GER"]
[SourceTitle "EXT 2012"]
[Source "ChessBase"]
[SourceDate "2011.11.24"]
[SourceVersion "1"]
[SourceVersionDate "2011.11.24"]
[SourceQuality "1"]
[WhiteTeam "Windischeschenbach"]
[BlackTeam "Lauf"]
[WhiteTeamCountry "GER"]
[BlackTeamCountry "GER"]

1. d4 Nf6 2. Nf3 e6 3. Bf4 c5 4. c3 b6 5. Na3 d5 6. e3 a6 7. Rb1 Nc6 8. Be2 Be7 9. Ne5 Nxe5 10. Bxe5 0-0 11. 0-0 Bb7 12. Bf3 Bd6 13. Bxd6 Qxd6 14. b4 cxb4 15. cxb4 Rfc8 16. Qd2 Rc7 17. Rfc1 Rac8 18. Rxc7 Qxc7 19. h3 h6 20. Rb2 Qc3 21. Nb1 Qc1+ 22. Kh2 Ne8 23. Be2 Qc7+ 24. f4 Nd6 25. Bd3 Qc1 26. Kg3 Kf8 27. Rc2 Rxc2 28. Bxc2 Qxd2 29. Nxd2 Nc4 30. Nf1 Ke7 31. f5 Na3 32. Bd3 exf5 33. Bxf5 Nb5 34. Nd2 Nc3 35. a3 Nb5 36. Nb1 Nd6 37. Bd3 b5 38. Kf4 Bc6 39. Nc3 Kf6 40. h4 g6 41. Kf3 h5 42. Kf4 Ke6 43. g4 hxg4 44. Kxg4 Kf6 45. Kf4 Ke6 46. Kg4 Ke7 47. Ne2 Ne8 48. Nc1 Nd6 49. Na2 Ne8 50. Nc3 Nd6 51. Nb1 Ne8 52. Nd2 Nd6 53. Kf4 Bb7 54. Nb3 Nc4 55. Nc5 Bc6 56. Nxa6 Nxa3 57. Nc5 Nc4 58. Nb3 Nd6 59. Na5 Bd7 60. e4 dxe4 61. Bxe4 Kf6 62. Bc2 Bf5 63. Bb3 Bd7 64. Bd5 Nf5 65. Bc6 Bxc6 66. Nxc6 Nxh4 67. Na7 g5+ 68. Kg4 Nf5 69. Nxb5 Ne3+ 70. Kf3 Nd5 71. Ke4 Nxb4 72. d5 Nxd5 73. Kxd5 Kf5 74. Nd4+ Kf4 75. Ne2+ Kf3 76. Nd4+ Kf4 77. Ne2+ Ke3 78. Ng3 Kf3 79. Nf5 g4 80. Ke5 g3 81. Nxg3 Kxg3 1/2-1/2

[Event "Regionalliga NO 0910"]
[Site "Bayern"]
[Date "2010.02.28"]
[Round "7.4"]
[White "Martin Fernandez, Rodrigo"]
[Black "Zant, Juergen"]
[Result "0-1"]
[WhiteElo "2070"]
[BlackElo "2009"]
[PlyCount "96"]
[EventDate "2009.10.18"]
[EventType "team-tourn"]
[EventRounds "9"]
[EventCountry "GER"]
[SourceTitle "EXT 2011"]
[Source "ChessBase"]
[SourceDate "2010.11.26"]
[SourceVersion "1"]
[SourceVersionDate "2010.11.26"]
[SourceQuality "1"]
[WhiteTeam "Erlangen"]
[BlackTeam "Windischeschenbach"]
[WhiteTeamCountry "GER"]
[BlackTeamCountry "GER"]

1. d4 e6 2. c4 d5 3. Nc3 Nf6 4. Bg5 c6 5. cxd5 cxd5 6. Nf3 h6 7. Bxf6 Qxf6 8. e3 Nc6 9. Bd3 Bb4 10. 0-0 Bxc3 11. bxc3 0-0 12. e4 Rb8 13. Rb1 Qd8 14. e5 Qa5 15. Qe2 Bd7 16. Rfc1 Ne7 17. Qb2 Rfc8 18. Nd2 Rc6 19. Nb3 Qd8 20. Nc5 Rb6 21. Qa3 Rxb1 22. Rxb1 Bc6 23. h3 Nc8 24. Na6 Ra8 25. Nb4 Be8 26. Nc2 Qc7 27. Ne3 b6 28. f4 f6 29. c4 fxe5 30. fxe5 dxc4 31. Bxc4 Bf7 32. Rf1 Ne7 33. Qb3 Qd7 34. Rd1 Rd8 35. Bb5 Qb7 36. Qd3 Bg6 37. Qb3 Bf7 38. Nc4 Nf5 39. Qa4 Qe7 40. Nb2 Nxd4 41. Bf1 Be8 42. Qc4 Bb5 43. Qc3 Bxf1 44. Kxf1 Rf8+ 45. Ke1 Qh4+ 46. Kd2 Qf2+ 47. Kd3 Qe2+ 48. Kxd4 Rd8# 0-1

[Event "Regionalliga NO 0910"]
[Site "Bayern"]
[Date "2010.02.07"]
[Round "6.4"]
[White "Zant, Juergen"]
[Black "Schmid, Roland1111"]
[Result "0-1"]
[WhiteElo "2009"]
[BlackElo "2202"]
[PlyCount "77"]
[EventDate "2009.10.18"]
[EventType "team-tourn"]
[EventRounds "9"]
[EventCountry "GER"]
[SourceTitle "EXT 2011"]
[Source "ChessBase"]
[SourceDate "2010.11.26"]
[SourceVersion "1"]
[SourceVersionDate "2010.11.26"]
[SourceQuality "1"]
[WhiteTeam "Windischeschenbach"]
[BlackTeam "Neutraubling"]
[WhiteTeamCountry "GER"]
[BlackTeamCountry "GER"]

1. c4 f5 2. Nc3 Nf6 3. d4 e6 4. f3 Bb4 5. a3 Bxc3+ 6. bxc3 c5 7. a4 Qc7 8. Qd2 b6 9. d5 exd5 10. cxd5 Qe5 11. Bb2 Qxd5 12. Qg5 0-0 13. h4 Qb3 14. Qc1 Nc6 15. Ra3 Qe6 16. Nh3 Ne5 17. Nf4 Qe8 18. c4 d6 19. h5 Ba6 20. e3 Qf7 21. h6 g5 22. Nh3 Qg6 23. f4 gxf4 24. exf4 Neg4 25. Ng5 Rae8+ 26. Kd2 Ne4+ 27. Kc2 Nxg5 28. fxg5 f4+ 29. Bd3 Qxg5 30. Kb1 Nf2 31. Qc3 Re5 32. Qc2 Nxh1 33. Bxh7+ Kh8 34. Rd3 Kxh7 35. Rxd6+ Ref5 36. Rd7+ Kxh6 37. Qc3 Ng3 38. Rxa7 Bc8 39. Qd3 0-1

[Event "Regionalliga NO 0910"]
[Site "Bayern"]
[Date "2009.11.15"]
[Round "2.4"]
[White "Zant, Juergen"]
[Black "Strobel, Christian"]
[Result "1/2-1/2"]
[WhiteElo "2009"]
[BlackElo "2059"]
[PlyCount "105"]
[EventDate "2009.10.18"]
[EventType "team-tourn"]
[EventRounds "9"]
[EventCountry "GER"]
[SourceTitle "EXT 2011"]
[Source "ChessBase"]
[SourceDate "2010.11.26"]
[SourceVersion "1"]
[SourceVersionDate "2010.11.26"]
[SourceQuality "1"]
[WhiteTeam "Windischeschenbach"]
[BlackTeam "Kareth Lappersdorf"]
[WhiteTeamCountry "GER"]
[BlackTeamCountry "GER"]

1. c4 e5 2. Nc3 Nc6 3. Nf3 g6 4. d4 exd4 5. Nxd4 Bg7 6. e3 Nge7 7. Be2 0-0 8. 0-0 Nxd4 9. exd4 Nf5 10. d5 d6 11. Bg4 h5 12. Bf3 Nd4 13. Ne4 Nxf3+ 14. Qxf3 Bg4 15. Qb3 b6 16. Bg5 f6 17. Bd2 Qd7 18. Rfe1 h4 19. f3 Bf5 20. Re2 Rae8 21. Rae1 g5 22. Nf2 Rxe2 23. Rxe2 Re8 24. Re3 Kf7 25. Qd1 Bg6 26. b3 Re7 27. Ne4 Qe8 28. Qe1 Bh6 29. Nc3 Rxe3 30. Qxe3 a6 31. Qxe8+ Kxe8 32. Ne4 Kf7 33. g4 hxg3 34. hxg3 Bf5 35. Kf2 Kg6 36. g4 Bd7 37. Ng3 b5 38. Ba5 c5 39. dxc6 Bxc6 40. Nf5 Bf8 41. Bb4 Kf7 42. Ke3 Bd7 43. Kd4 Bc6 44. Bxd6 Bxf3 45. Bxf8 Kxf8 46. Ne3 Ke7 47. cxb5 axb5 48. a4 bxa4 49. bxa4 Kd6 50. Nf5+ Kc6 51. Ne7+ Kd6 52. Nf5+ Kc6 53. Ne7+ 1/2-1/2